| 000 | 003790000a22001690004500 | ||
|---|---|---|---|
| 005 | 20120302054422.0 | ||
| 942 | _cBOOK | ||
| 100 | _a Gogate,Vinayak Sadaashiv | ||
| 245 | _a Sukhacha Shodha | ||
| 260 | _aJamkhandi:Vyan.Sri.Phadake,1937. | ||
| 300 | _a160p. | ||
| 040 | _aMAR | ||
| 365 | _b1/- | ||
| 650 | _aSankirna | ||
| 650 | _aNiteeshastra | ||
| 650 | _aSukhacha Shodha | ||
| 999 |
_c345573 _d345570 |
||